Представление документа в формате RUSMARC

Поле Инд. ПП Название Значение
Тип записи a
Библиографический уровень a
001 Контрольный номер 9d9ecd732a3044b4948a49aeaaac58b0
005 Дата корректировки 20181124200618.6
100 a Данные общей обработки 20181107 ||| 0rusy0189 ca
101 0_ a Язык текста rus
102 a Страна публикации RU
200 1_ f Первые сведения об ответственности Е.Б. Овдиенко
a Заглавие Категория разумности в обязательственном праве
b Общее обозначение материала Текст
210 d Дата издания 2017
461 _0 1 2000
a Закон и право
463 _0 1 2000
a №5
v С. 36-39
1 2101
d 2017
1 00191d7ded28eea4f83ae1c9acbbc38d378
606 a Основная рубрика Гражданское и торговое право
610 0_ a Ключевые слова ОБЯЗАТЕЛЬСТВЕННОЕ ПРАВО
a Ключевые слова ПРИНЦИПЫ ПРАВА
a Ключевые слова РГУП
700 _1 a Фамилия Овдиенко
b Имя Е.Б.
801 _0 a Страна RU
b Организация РГУП
c Дата составления 20181107
g Правила каталогизации PSBO
801 _1 a Страна RU
b Организация РГУП
c Дата составления 20181107
g Правила каталогизации PSBO
901 t Тип документа b
w Контрольный № источника 91d7ded28eea4f83ae1c9acbbc38d378
905 a Дата ввода 20181107